000 00564nam a2200169 i 4500
001 74928
003 ES-MaACL
007 t|
008 040921s1955 sp ||||1| spa d
100 1 _aGorgues Torrent, Juan.
_959178
245 1 0 _aTratado de electroencefalografía y estudio fundamental de las epilepsias /
_cJuan Gorgues Torrent ; prólogo de Ramón Sarro.
250 _a1ª ed.
260 _aHuesca :
_b[s.n.,
_c1955] (
_fImp. Provincial)
300 _a323 p., 17 lám. ;
_c24 cm.
700 1 _aSarró, Ramón.
_9103872
852 _aES-MaACL
_jC-9197
_bR.37382
999 _c74928
_d74928